Hindī-Iṅgliśa-Sindhī śabda-kośa. (Record no. 62810)

MARC details
000 -LEADER
fixed length control field 00703cam a22002411 4500
001 - CONTROL NUMBER
control field sa 65002778
003 - CONTROL NUMBER IDENTIFIER
control field DLC
005 - DATE AND TIME OF LATEST TRANSACTION
control field 20260227112119.0
008 - FIXED-LENGTH DATA ELEMENTS--GENERAL INFORMATION
fixed length control field 890615s1962 ii d 000 0 hino
010 ## - LIBRARY OF CONGRESS CONTROL NUMBER
LC control number sa 65002778
035 ## - SYSTEM CONTROL NUMBER
System control number (OCoLC)19876638
040 ## - CATALOGING SOURCE
Original cataloging agency DLC
Transcribing agency WaU
Modifying agency DLC
041 0# - LANGUAGE CODE
Language code of text/sound track or separate title hinengsin
042 ## - AUTHENTICATION CODE
Authentication code premarc
050 00 - LIBRARY OF CONGRESS CALL NUMBER
Classification number PK1936
Item number .H5
245 00 - TITLE STATEMENT
Title Hindī-Iṅgliśa-Sindhī śabda-kośa.
Remainder of title Hindi-English Sindhi dictionary.
260 ## - PUBLICATION, DISTRIBUTION, ETC.
Date of publication, distribution, etc. [1962]
300 ## - PHYSICAL DESCRIPTION
Extent viii, 1000 p.
Dimensions 19 cm.
650 #0 - SUBJECT ADDED ENTRY--TOPICAL TERM
Topical term or geographic name entry element Hindi language
General subdivision Dictionaries
-- English.
650 #0 - SUBJECT ADDED ENTRY--TOPICAL TERM
Topical term or geographic name entry element Hindi language
General subdivision Dictionaries
-- Sindhi.
700 0# - ADDED ENTRY--PERSONAL NAME
Personal name Deepchandra Tilokchand,
Dates associated with a name 1909-
740 0# - ADDED ENTRY--UNCONTROLLED RELATED/ANALYTICAL TITLE
Uncontrolled related/analytical title Hindi-English-Sindhi dictionary.

No items available.

Powered by Koha